Biggest US State on Each Primary Interstate Highway - Statistics

General Stats
  • This quiz has been taken 15 times
  • The average score is 29 of 71
Answer Stats
Hint Answer % Correct
I-5 California
100%
I-2 Texas
100%
I-8 California
91%
I-4 Florida
91%
I-10 Texas
91%
I-15 California
82%
I-20 Texas
82%
I-27 Texas
82%
I-30 Texas
82%
I-35 Texas
82%
I-37 Texas
82%
I-14 Texas
73%
I-40 Texas
73%
I-17 Arizona
64%
I-19 Arizona
55%
I-16 Georgia
55%
I-24 Georgia
55%
I-12 Louisiana
55%
I-11 Nevada
55%
I-25 New Mexico
55%
I-44 Texas
55%
I-45 Texas
55%
I-69 Texas
55%
I-80 California
45%
I-95 Florida
45%
I-39 Illinois
45%
I-22 Alabama
36%
I-70 Colorado
36%
I-59 Georgia
36%
I-75 Michigan
36%
I-96 Michigan
36%
I-99 New York
36%
I-29 South Dakota
36%
I-43 Wisconsin
36%
I-65 Alabama
27%
I-76 (West) Colorado
27%
I-85 Georgia
27%
I-86 (West) Idaho
27%
I-41 Illinois
27%
I-49 Missouri
27%
I-55 Missouri
27%
I-57 Missouri
27%
I-64 Missouri
27%
I-90 Montana
27%
I-94 Montana
27%
I-78 New York
27%
I-81 New York
27%
I-84 (East) New York
27%
I-86 (East) New York
27%
I-87 (North East) New York
27%
I-88 (East) New York
27%
I-26 North Carolina
27%
I-76 (East) Pennsylvania
27%
I-74 Illinois
18%
I-88 (Central) Illinois
18%
I-97 Maryland
18%
I-91 Massachusetts
18%
I-72 Missouri
18%
I-71 Ohio
18%
I-84 (West) Oregon
18%
I-66 Virginia
18%
I-82 Washington
18%
I-68 West Virginia
18%
I-93 Massachusetts
9%
I-42 North Carolina
9%
I-73 North Carolina
9%
I-77 North Carolina
9%
I-87 (East) North Carolina
9%
I-79 Pennsylvania
9%
I-83 Pennsylvania
9%
I-89 Vermont
9%
No matching quizzes found
Score Distribution
Percent of People with Each Score
Percentile by Number Answered
Your Score History
You have not taken this quiz